01085 2200493 4500001002100000005001500021035002000036008004100056245003700097100002000134250000600154260003200160300002900192020002200221084001400243082000800257650001400265990001200279990001200291990001200303990001200315990001200327990001200339990001200351990001200363990001200375990001200387990001200399990001200411990001200423990001200435990001200447990001200459990001200471990001200483990001200495990001200507990001200519990001200531990001200543990001200555990001200567990001200579INLIS00000000000012320240502104623 a0010-0424000099240502 0 ind 1 aPPKN Kelas XII /cYusnawan Lubis aLubis, Yusnawan a1 aJakarta :bKEMDIKBUD,c2018 a140 hlm ;c17 cm x 25 cm a978-602-427-093-3 a370 YUS p a370 4aNon Fiksi a0737469 a0737470 a0737471 a0737472 a0737473 a0737474 a0737475 a0737476 a0737477 a0737478 a0737479 a0737480 a0737481 a0737482 a0737483 a0737484 a0737485 a0737486 a0737487 a0737488 a0737489 a0737490 a0737491 a0737492 a0737493 a0737494